000 05208cgm a2200997Ii 4500
001 ocn893982549
003 OCoLC
005 20241220161245.0
007 vd cvaizq
008 141029t20142014cau121 vleng d
040 _aTEFMT
_beng
_erda
_cTEFMT
_dTEF
_dAPL
_dNNF
_dGK8
_dGRN
_dTEFMT
_dUPZ
_dOSU
_dUINTA
024 1 0 _a786936842784
028 4 2 _a12334400
_bMarvel Studios
028 5 0 _a123344A
_bMarvel Studios
028 5 0 _a123344B
_bMarvel Studios
035 _a(OCoLC)893982549
041 1 _aeng
_afre
_aspa
_jeng
_jfre
_jspa
_heng
050 4 _aPN1997.2
_b.G83 2014
082 1 4 _a791.43/72
_223
049 _aUCLB
092 _a791.437
130 0 _aGuardians of the Galaxy (Motion picture)
_95703692
245 1 0 _aGuardians of the galaxy /
_cMarvel Studios ; co-producers, David J. Grant, Jonathan Schwartz ; executive producers, Nik Korda, Stan Lee, Victoria Alonso, Jeremy Latcham, Alan Fine, Louis D'Esposito ; produced by Kevin Feige ; written by James Gunn and Nicole Perlman ; directed by James Gunn.
257 _aUnited States.
_2naf
264 1 _a[Burbank, California] :
_bMarvel,
_c[2014]
264 2 _aBurbank, California :
_bBuena Vista Home Entertainment, Inc.
264 4 _c�2014
300 _a1 videodisc (approximately 121 min.) :
_bsound, color ;
_c4 3/4 in
336 _atwo-dimensional moving image
337 _avideo
338 _avideodisc
344 _adigital
_boptical
_gsurround
_h5.1 Dolby Digital
_2rda
346 _aDVD
_bNTSC
_2rda
347 _avideo file
_bDVD video
_eregion 1
_2rda
538 _aDVD format; NTSC, region 1, widescreen; 5.1 Dolby Digital.
546 _aEnglish, French or Spanish dialogue; Spanish, English or French subtitles; subtitled for the deaf and hard of hearing.
511 1 _aChris Pratt, Zoe Saldana, Dave Bautista, Vin Diesel, Bradley Cooper, Lee Pace, Michael Rooker, Karen Gillan, Djimon Hounsou, John C. Reilly, Glenn Close, Benicio Del Toro.
508 _aMusic, Tyler Bates; costume designer, Alexandra Byrne ; editors, Fred Raskin, Craig Wood, Hughes Winborne ; production design, Charles Wood ; director of photography, Ben Davis.
500 _a"2014 DVD release"--Container.
521 8 _aMPAA rating: PG-13; for intense sequences of sci-fi violence and action, and for some language.
520 _aBrash adventurer Peter Quill finds himself the object of an unrelenting bounty hunt after stealing a mysterious orb coveted by Ronan, a powerful villain with ambitions that threaten the entire universe. To evade Ronan, Quill is forced into an uneasy truce with a quartet of disparate misfits. But when Quill discovers the true power of the orb and the menace it poses to the cosmos, he must do his best to rally his ragtag rivals for a last, desperate stand-with the galaxy's fate in the balance.
650 0 _aBounty hunters
_vDrama.
_95742400
650 0 _aHeroes
_vDrama.
_95708948
650 0 _aOrbs
_vDrama.
_96530681
650 0 _aTheft
_vDrama.
_95774269
650 0 _aSuperhero films.
_999447
651 0 _aOuter space
_vDrama.
_95730715
655 7 _aAction and adventure films.
_2lcgft
655 7 _aScience fiction films.
_2lcgft
655 7 _aFeature films.
_2lcgft
655 7 _aFiction films.
_2lcgft
655 7 _aVideo recordings for the hearing impaired.
_2lcgft
700 1 _aGrant, David J.
_c( Film producer)
_96530682
700 1 _aSchwartz, Jonathan,
_efilm producer.
_95878398
700 1 _aKorda, Nik,
_efilm producer.
_96530683
700 1 _aLee, Stan,
_d1922-
_efilm producer.
_95710723
700 1 _aAlonso, Victoria,
_d1965-
_efilm producer.
_95976896
700 1 _aLatcham, Jeremy,
_efilm producer.
_96530684
700 1 _aFine, Alan,
_efilm producer.
_96276312
700 1 _aD'Esposito, Louis,
_efilm producer.
_95976895
700 1 _aFeige, Kevin,
_efilm producer.
_95700791
700 1 _aPerlman, Nicole,
_escreenwriter.
_96530685
700 1 _aGunn, James,
_d1970-
_escreenwriter,
_efilm director.
_958679
700 1 _aPratt, Chris,
_d1979-
_eactor.
_95784209
700 1 _aSaldana, Zo�e,
_eactor.
_96381551
700 1 _aBatista, Dave,
_d1969-
_eactor.
_95906343
700 1 _aDiesel, Vin,
_eactor.
_959181
700 1 _aCooper, Bradley,
_eactor.
_970765
700 1 _aPace, Lee,
_d1979-
_eactor.
_95793872
700 1 _aRooker, Michael,
_d1955-
_eactor.
_975217
700 1 _aGillan, Karen,
_d1987-
_eactor.
_95747686
700 1 _aHounsou, Djimon,
_d1964-
_eactor.
_976750
700 1 _aReilly, John C.,
_d1965-
_eactor.
_964716
700 1 _aClose, Glenn,
_d1947-
_eactor.
_930598
700 1 _aToro, Benicio del,
_d1967-
_eactor.
_966132
700 1 _aBates, Tyler,
_ecomposer.
_973112
700 1 _aByrne, Alexandra,
_ecostume designer.
_96121377
700 1 _aRaskin, Fred,
_eeditor of moving image work.
_96438699
700 1 _aWood, Craig,
_eeditor of moving image work.
_974372
700 1 _aWinborne, Hughes,
_eeditor of moving image work.
_96229739
700 1 _aWood, Charles,
_eproduction designer.
_942314
700 1 _aDavis, Ben,
_d1962-
_edirector of photography.
_96492341
710 2 _aMarvel Studios,
_eproduction company.
_974443
710 2 _aBuena Vista Home Entertainment (Firm)
_964615
994 _aC0
_bUINTA
999 _c190996
_d190996